[Event "Marseille op 4th"]
[Site "Marseille"]
[Date "2011.12.29"]
[Round "7"]
[White "Rochette, Paul"]
[Black "Vighetti, Patrice"]
[Result "0-1"]
[WhiteElo "1530"]
[BlackElo "1664"]
[PlyCount "58"]
[EventDate "2011.12.26"]
[EventType "swiss"]
[EventRounds "9"]
[EventCountry "FRA"]
[SourceTitle "CBM 146 Extra"]
[Source "ChessBase"]
[SourceDate "2012.02.29"]
[SourceVersion "1"]
[SourceVersionDate "2012.02.29"]
[SourceQuality "1"]

1. e4 e6 2. d4 d5 3. Nc3 Nf6 4. Bd3 dxe4 5. Bxe4 Nxe4 6. Nxe4 Nd7 7. Nf3 Be7 8. Bg5 0-0 9. Qd2 b6 10. 0-0 Bb7 11. Bxe7 Qxe7 12. Qe3 Nf6 13. Nc3 Qb4 14. Rab1 Bxf3 15. Qxf3 Qxd4 16. Qc6 Qd6 17. Qxd6 cxd6 18. Nb5 d5 19. a3 Ne4 20. Rfe1 a6 21. Nd4 Rac8 22. Re2 Rc4 23. Rd1 Rfc8 24. f3 Nd6 25. Rdd2 g6 26. Kf2 Kg7 27. Kg3 Rxd4 28. Rxd4 Nf5+ 29. Kf4 Nxd4 0-1

[Event "Marseille op 2nd "]
[Site "Marseille"]
[Date "2009.12.29"]
[Round "8"]
[White "Rochette, Paul"]
[Black "Dieudegard, Julien"]
[Result "0-1"]
[WhiteElo "1370"]
[BlackElo "1620"]
[PlyCount "44"]
[EventDate "2009.12.26"]
[EventType "swiss"]
[EventRounds "9"]
[EventCountry "FRA"]
[SourceTitle "CBM 134 Extra"]
[Source "ChessBase"]
[SourceDate "2010.03.03"]
[SourceVersion "1"]
[SourceVersionDate "2010.03.03"]
[SourceQuality "1"]

1. e4 e6 2. d4 d5 3. exd5 exd5 4. Nf3 Nf6 5. Bg5 Be7 6. Be2 0-0 7. 0-0 Be6 8. c4 c6 9. c5 Nbd7 10. Bd3 Ne4 11. Bxe7 Qxe7 12. Bxe4 dxe4 13. Nfd2 f5 14. f3 e3 15. Nb3 Bc4 16. Re1 f4 17. Nc3 Qh4 18. Ne4 Nf6 19. Nxf6+ Rxf6 20. Qc2 Bd5 21. Qd1 Rg6 22. Rc1 Qf2+ 0-1

[Event "Marseille op 2nd "]
[Site "Marseille"]
[Date "2009.12.28"]
[Round "6"]
[White "Daumas, Alain"]
[Black "Rochette, Paul"]
[Result "1/2-1/2"]
[WhiteElo "1765"]
[BlackElo "1370"]
[PlyCount "37"]
[EventDate "2009.12.26"]
[EventType "swiss"]
[EventRounds "9"]
[EventCountry "FRA"]
[SourceTitle "CBM 134 Extra"]
[Source "ChessBase"]
[SourceDate "2010.03.03"]
[SourceVersion "1"]
[SourceVersionDate "2010.03.03"]
[SourceQuality "1"]

1. d4 Nf6 2. c4 g6 3. Nc3 d5 4. cxd5 Nxd5 5. e4 Nxc3 6. bxc3 Bg7 7. Nf3 c5 8. Bb5+ Bd7 9. Bxd7+ Qxd7 10. 0-0 0-0 11. Be3 Nc6 12. dxc5 Qe6 13. Qb3 Qxe4 14. Qxb7 Bxc3 15. Rad1 Qa4 16. Qd7 Rfd8 17. Qb7 Rxd1 18. Qxa8+ Kg7 19. g3 1/2-1/2

[Event "Marseille op 2nd "]
[Site "Marseille"]
[Date "2009.12.27"]
[Round "3"]
[White "Rochette, Paul"]
[Black "Flores, Antonio"]
[Result "0-1"]
[WhiteElo "1370"]
[BlackElo "1500"]
[PlyCount "82"]
[EventDate "2009.12.26"]
[EventType "swiss"]
[EventRounds "9"]
[EventCountry "FRA"]
[SourceTitle "CBM 134 Extra"]
[Source "ChessBase"]
[SourceDate "2010.03.03"]
[SourceVersion "1"]
[SourceVersionDate "2010.03.03"]
[SourceQuality "1"]

1. e4 Nc6 2. d4 e5 3. Nf3 Nf6 4. Bg5 Bb4+ 5. Nc3 d6 6. Bc4 Bg4 7. dxe5 Nxe5 8. Be2 Bxf3 9. Bxf3 h6 10. Be3 Qd7 11. 0-0 Bxc3 12. bxc3 Qc6 13. Qd4 Qd7 14. Rab1 Nxf3+ 15. gxf3 Qh3 16. Rxb7 0-0 17. Qd1 Rae8 18. Rb4 Re5 19. Bf4 Rh5 20. Qe2 a6 21. Qd3 c6 22. Re1 Rh4 23. Bg3 Rh5 24. Qxd6 Rg5 25. e5 Nh5 26. Rg4 Rxg4 27. fxg4 Qxg4 28. Qxc6 Qf5 29. Qxa6 Qxc2 30. c4 Qd2 31. Rb1 Nf4 32. c5 Ne2+ 33. Kg2 Qd5+ 34. f3 Qd2 35. Kf1 Qc2 36. Rb5 Qd3 37. Kg2 Nd4 38. Rb6 Qxf3+ 39. Kh3 Nf5 40. c6 g5 41. Qc4 h5 0-1